000 00785nam a2200241 i 4500
001 106028
003 ES-MaACL
005 20250803000242.0
007 t|
008 060921s1963 fr ||||1| spa d
080 _a016:94(460)"1936/39"
080 _a94(460)"1936/39":016
100 1 _aSouthworth, Herbert Rutledge.
_9107590
245 1 3 _aEl mito de la cruzada de Franco
_b: crítica bibliográfica.
260 _a[Paris] :
_bRuedo Ibérico,
_c[1963]
300 _a314 p. ;
_c18 cm.
490 1 _aCrítica ;
_v1
651 4 _aEspaña-
_xHistoria-
_y1936-1939, Guerra civil-
_vBibliografías.
_98297
710 2 _aÉditions Ruedo ibérico.
_9145333
830 1 0 _aCrítica
_v1
_9187746
852 _aES-MaACL
_jAND-1005
_z- Biblioteca Juan Andrade
999 _c106028
_d106028